Drugie co do wielkości miasta w województwach - Statystyki

Ogólne statystyki
  • Ten quiz został rozwiązany 34 razy
  • Średni wynik to 14 z 16
Statystyki odpowiedzi
województwo miasto % Poprawnych
pomorskie Gdynia
97%
małopolskie Tarnów
94%
kujawskopomorskie Toruń
94%
śląskie Częstochowa
91%
lubuskie Gorzów Wielkopolski
91%
zachodniopomorski Koszalin
91%
mazowieckie Radom
91%
dolnośląskie Wałbrzych
91%
warmińsko-mazurskie Elbląg
88%
podlaskie Suwałki
88%
wielkopolskie Kalisz
85%
opolskie Kędzierzyn-Koźle
79%
podkarpackie Przemyśl
79%
łódzkie Piotrków Tryb.
76%
lubelskie Zamość
76%
świętokrzyskie Ostrowiec świętokrzyski
53%
Nie znaleziono quizów pasujących do podanych kryteriów
Rozkład punktacji
Procent ludzi z każdym wynikiem
Percentyl według liczby udzielonych odpowiedzi
Twoja historia wyników
Nie rozwiązałeś tego quizu